Milk glass moon : a Big Stone Gap novel / Adriana Trigiani.
In Big Stone Gap, Virginia, Ave Maria struggles to raise her independent teenage daughter who falls in love while visiting relatives in Italy.
Record details
- ISBN: 0345445856
- ISBN: 9780345445858
- Physical Description: 256 pages ; 25 cm
- Edition: 1st ed.
- Publisher: New York : Random House, ©2002.
Search for related items by subject
| Subject: | Big Stone Gap (Va.) > Fiction. Mothers and daughters > Fiction. Mountain life > Fiction. Domestic fiction. Mountain life > Fiction. |
| Genre: | Domestic fiction. Domestic fiction. |
Available copies
- 1 of 1 copy available at scottsboropl.
Holds
- 0 current holds with 1 total copy.
Show All Copies
| Location | Call Number / Copy Notes | Barcode | Shelving Location | Status | Due Date |
|---|---|---|---|---|---|
| scottsboropl | F Tri | 32269001170185 | Adult - Fiction | Available | - |
| LDR | 03019cam a2200697 a 4500 | ||
|---|---|---|---|
| 001 | 155134 | ||
| 003 | SBPL | ||
| 005 | 20210224174045.0 | ||
| 008 | 020307s2002 nyu 000 1 eng | ||
| 010 | . | ‡a 2002017945 | |
| 035 | . | ‡a(OCoLC)49320422 | |
| 019 | . | ‡a1154054718 | |
| 020 | . | ‡a0345445856 | |
| 020 | . | ‡a9780345445858 | |
| 035 | . | ‡a(OCoLC)49320422 ‡z(OCoLC)1154054718 | |
| 043 | . | ‡an-us-va | |
| 050 | 0 | 0. | ‡aPS3570.R459 ‡bM55 2002 |
| 082 | 0 | 0. | ‡a813/.54 ‡221 |
| 100 | 1 | . | ‡aTrigiani, Adriana. |
| 245 | 1 | 0. | ‡aMilk glass moon : ‡ba Big Stone Gap novel / ‡cAdriana Trigiani. |
| 250 | . | ‡a1st ed. | |
| 260 | . | ‡aNew York : ‡bRandom House, ‡c©2002. | |
| 300 | . | ‡a256 pages ; ‡c25 cm | |
| 336 | . | ‡atext ‡btxt ‡2rdacontent | |
| 337 | . | ‡aunmediated ‡bn ‡2rdamedia | |
| 338 | . | ‡avolume ‡bnc ‡2rdacarrier | |
| 520 | . | ‡aIn Big Stone Gap, Virginia, Ave Maria struggles to raise her independent teenage daughter who falls in love while visiting relatives in Italy. | |
| 651 | 0. | ‡aBig Stone Gap (Va.) ‡vFiction. | |
| 650 | 0. | ‡aMothers and daughters ‡vFiction. | |
| 650 | 0. | ‡aMountain life ‡vFiction. | |
| 650 | 0. | ‡aDomestic fiction. | |
| 650 | 1. | ‡aMountain life ‡vFiction. | |
| 655 | 7. | ‡aDomestic fiction. ‡2lcgft | |
| 655 | 4. | ‡aDomestic fiction. | |
| 901 | . | ‡a155134 ‡b ‡c155134 ‡tbiblio | |